000 00596cam a2200205 4500
001 D15797
008 090401t1980 xxu||||| |||| 00| 0 eng d
035 _a(Sirsi) u25222
041 _aeng
050 _a711.4
110 _aRoyal Institution of Chartered Surveyors
_94900
245 _aPlanning gain: who gains? Joint day conference, R.T.P.I. and RICS, 4th November 1980
260 _aLondon
_bRTPI
_c1980
300 _a1 paper. 1 summary paper
350 _a0
520 _aFiled in box 1980/78AC
710 _aPlanning & Development Division
_91240
942 _n0
948 _c04/03/1997
999 _c88695
_d88695